Tibeten Buddhism / (Record no. 193897)

MARC details
000 -LEADER
fixed length control field 00776nam a22001937a 4500
005 - DATE AND TIME OF LATEST TRANSACTION
control field 20260410114905.0
010 ## - LCCN (DPL NO)
LC control number B-746926-927 E.N.A./7.11.22 ENG-148012
020 ## - INTERNATIONAL STANDARD BOOK NUMBER
International Standard Book Number 9789393274052
Terms of availability 1500.00
035 ## - SYSTEM CONTROL NUMBER
System control number B-746926-927 EN-131544
037 ## - SOURCE OF ACQUISITION
Source of stock number/acquisition Nisha Scintific
082 ## - DEWEY DECIMAL CLASSIFICATION NUMBER
Classification number 250
100 ## - MAIN ENTRY--PERSONAL NAME
Personal name Verma, Sachin
245 ## - TITLE STATEMENT
Title Tibeten Buddhism /
Statement of responsibility, etc Sachin Verma
260 ## - PUBLICATION, DISTRIBUTION, ETC. (IMPRINT)
Place of publication, distribution, etc New Delhi
Name of publisher, distributor, etc Nisha Scientific
Date of publication, distribution, etc 2022
270 ## - ADDRESS
Address 20/4637, Ansari Road, Daryaganj
City New Delhi
Postal code 110002
300 ## - PHYSICAL DESCRIPTION
Extent vii, 288p.
Dimensions 23cm(hbk)
942 ## - ADDED ENTRY ELEMENTS (KOHA)
Source of classification or shelving scheme Dewey Decimal Classification
Item type English Books
Call number suffix VER
Classification part 250
Holdings
Withdrawn status Lost status Not for loan Collection code Home library Current library Date acquired Source of acquisition Cost, normal purchase price Full call number Barcode Copy number Cost, replacement price Koha item type
      Non-fiction Central Library Central Library 10/04/2023 Nisha Scientific/B/22/30.11.22/184/23.11.22/2.12.22 1500.00 250 VER B-746926 1 1500.00 English Books
    Not For Loan Non-fiction D.B.Act.Division D.B.Act.Division 10/04/2026 DBAD 1500.00 VER 250 EN-131544 1 1500.00 English Books
      Non-fiction Sarojini Nagar Sarojini Nagar 10/04/2023 Nisha Scientific/B/22/30.11.22/184/23.11.22/2.12.22 1500.00 250 VER B-746927 1 1500.00 English Books

© Delhi Public Library
Hit Counter
free hit counter